Krupina

Zobrazenie: Pohľad v bielom orámovaní na na mesto z diaľky. Uprostred v pozadí vidno tri veže kostolov medzi budovami mesta. V popredí pred buovami je hustý rad listnatých stromov a pred nimi vidno časť cesty, celkom vpredu je trávnik

Bibliographic Details
Format: Photo
Language:Slovak
Published: B. Bystrica Luna [medzi 1931 a 1948?]
Subjects:

MARC

LEADER 00000ckm a2200000 a 4500
001 vtls011606311
003 SK-MaSNL
005 20260301044748.0
007 kf bo
008 230718q1931 xo g kuslo
015 |a SNBG 
035 |a urn:nbn:sk:snk-km00dvs2 
035 |a urn:nbn:sk:snk-km3ls9y 
035 |a 048FD77D-CF3D-4C7E-8842-55EC438779D8 
040 |a SNK  |b slo  |c SNK  |e AACR2 
041 0 |a slo 
043 |a e-xo--- 
044 |a xo  |c SK 
072 7 |a 913  |x Regionálna geografia  |2 konspekt 
080 |a 913(437.642.115.132)  |2 2001 
080 |a (084.121)  |2 2011 
080 |a 913(437.6)  |2 2011 
245 0 0 |a Krupina  |h grafika 
260 |a B. Bystrica  |b Luna  |c [medzi 1931 a 1948?] 
300 |a 1 pohľadnica  |b čiernobiela  |c 9 x 14 cm 
500 |a Na pohľadnici uvedené v známkovom poli: "Pravá fotografia" 
520 8 |a Zobrazenie: Pohľad v bielom orámovaní na na mesto z diaľky. Uprostred v pozadí vidno tri veže kostolov medzi budovami mesta. V popredí pred buovami je hustý rad listnatých stromov a pred nimi vidno časť cesty, celkom vpredu je trávnik 
650 0 7 |a kostoly  |2 SNKPH  |9 3023 
651 7 |a Krupina (Slovensko)  |2 SNKPHgeo  |9 17094 
655 7 |a miestne pohľadnice  |2 SNKPH  |9 70510 
752 |a Slovensko  |d Banská Bystrica 
852 |a Slovenská národná knižnica 
954 |a pohľadnice pôvodné (slovenské)  |2 lita 
958 |a OND 
958 |a GBN 
958 |a GC 
958 |a EUIPO 
999 |c 596708  |d 598638 
952 |a SNK  |b SNK  |y PREZ  |7 0  |p 17A1212780  |o snkSP 16740  |z Na adresnej časti sa nachádza známka Slovakotouru v hodnote 10h.  |0 0  |1 0  |4 0  |d 2017-01-24  |f 1  |l 0  |r 2026-02-23 15:42:17  |w 2026-02-23